00585cam a22002051 45000010005000000030008000050050017000130080041000300350018000710400032000890410013001210820020001342450056001542600051002103000024002614900027002855040020003126500018003327000029003506262BD-RjUL20211208234220.0140109s1963 ilu b 000 0 eng  a(BD-RjUL)6302 aDLCcDLCdDLCdBD-RjULbeng1 aenghjpn00a398.2bFOL 196310aFolktales of Japan.cTranslated by Robert J. Adams. aChicago :bUniversity of Chicago Press,c1963. axxi, 221 p.c23 cm.0 aFolktales of the world aIncludes index. 0aTaleszJapan.1 aSeki, Keigo,b1899-1990,